| 000 | 00607nam a2200157 i 4500 | ||
|---|---|---|---|
| 001 | 101245 | ||
| 003 | ES-MaACL | ||
| 005 | 20230906182844.0 | ||
| 007 | t| | ||
| 008 | 051014s1947 sp ||||1| spa d | ||
| 100 | 1 |
_aMaynard, Harold Bright. _979384 |
|
| 245 | 1 | 0 |
_aMétodos de fabricación _b: métodos eficaces por medio de los diagramas del proceso... / _ctraducido por el personal de M.E.C. de España y preparado por Harold B. Maynard y el personal de Methods Engineering Council. |
| 260 |
_aMadrid : _bM.E.C., _c1947. |
||
| 300 |
_a28 p. : _bil. ; _c23 cm. |
||
| 852 |
_aES-MaACL _j2019-F-13 _bR.45830 |
||
| 999 |
_c101245 _d101245 |
||